000 00398 a2200169 4500
001 14793
020 _a9788526017399
040 _cAnchieta - Aquarius
100 _aVieira, Evandro
240 1 0 _aEm busca do manuscrito da natureza
_lpor
245 1 0 _aEm busca do manuscrito da natureza
300 _a32
362 0 _a2014
440 1 _aGlobal
650 4 _aLiteratura brasileira
942 _cBK
999 _c14793
_d14793